000 00898nas a2200289 4500
001 BR2013008695
003 BR-BrBNA
005 20231205123216.0
007 ta
008 230509b bl.|||p| |||| 00| 00por d
040 _aBR-BrBNA
_bpor
_cBiblioteca Nacional de Agricultura
041 _a(En)
072 _aQ04
100 1 _aGabas, A.L.
100 1 _aCabral, R.A.F.
100 1 _aOliveira, C.A.F. de
100 1 _aTelis-Romero, J.
245 1 _aDensity and rheological parameters of goat milk
650 _aLEITE DE CABRA
650 _aPROPRIEDADE REOLÓGICA
650 _aANÁLISE FÍSICA
650 _aTEMPERATURA
773 0 _tCiência e Tecnologia de Alimentos (Brazil)
_xISSN 1678-457X
_g(Apr-Jun 2012), v. 32(2) p. 381-385
_wBR2013008695
856 4 0 _uhttp://www.scielo.br/pdf/cta/v32n2/cta_aop_5085.pdf
909 _a202311
_bLúcia
_c55
_dLúcia Elande
942 _2AGRIS
_n0
_cANA
999 _c232705
_d232705